[Event "Challenge"]
[Site "http://www.queenalice.com/game.php?id=101615"]
[Date "2006.9.2"]
[Round "-"]
[White "chessmania"]
[Black "JPSD"]
[Result "0-1"]
[WhiteElo "1230"]
[BlackElo "1513"]

1. e3 c6 2. Qf3 d5 3. Nh3 Nf6 4. Bd3 g5 5. Nxg5 Bh6 6. Qf4 Rg8 7. h4 Qd6 8. Qxd6
exd6 9. b4 Bxg5 10. hxg5 Rxg5 11. Bxh7 Rxg2 12. Bb2 Ke7 13. Bxf6+ Kxf6 14. d4
Na6 15. c3 Bf5 16. Bxf5 Kxf5 17. Rh5+ Kg4 18. Rh7 f5 19. Nd2 f4 20. Rg7+ Kh3 21.
Rh7+ Kg4 22. Ke2 fxe3 23. Rg7+ Kf4 24. Rxg2 Re8 25. fxe3+ Kf5 26. Rf1+ Ke6 27.
Rg6+ Kd7 28. Rg7+ Re7 29. Rg8 c5 30. bxc5 dxc5 0-1

[Event "Challenge"]
[Site "http://www.queenalice.com/game.php?id=101618"]
[Date "2006.9.2"]
[Round "-"]
[White "chessmania"]
[Black "Pato"]
[Result "0-1"]
[WhiteElo "1435"]
[BlackElo "2048"]

1. d3 f5 2. Na3 Nf6 3. Qd2 e5 4. Qc3 Nc6 5. Bg5 Bb4 6. Qxb4 Nxb4 7. O-O-O Nxa2+
8. Kb1 Nb4 9. h4 d5 10. Nf3 Qe7 11. d4 e4 12. Ng1 O-O 13. f4 c6 14. e3 b5 15.
Ne2 a5 16. Nc3 Bd7 17. Rg1 h5 18. Bxf6 Qxf6 19. Be2 g6 20. g3 Rfb8 21. g4 fxg4
22. Rdf1 Na6 23. Na2 b4 24. Nc4 dxc4 25. Bxc4+ Kh7 26. b3 Be6 27. Be2 c5 28. Rd1
c4 29. Rc1 cxb3 30. cxb3 Bxb3 0-1

[Event "Challenge"]
[Site "http://www.queenalice.com/game.php?id=101620"]
[Date "2006.9.2"]
[Round "-"]
[White "Mike36bh"]
[Black "chessmania"]
[Result "1-0"]
[WhiteElo "1701"]
[BlackElo "1325"]

1. d4 d6 2. e4 Nf6 3. Nc3 a6 4. Nf3 b5 5. a3 Qd7 6. Be3 Bb7 7. d5 e6 8. Be2 e5
9. h3 h6 10. Nh4 g5 11. Nf5 c6 12. b4 cxd5 13. a4 dxe4 14. O-O Qxf5 15. Qd2 Nc6
16. axb5 Nxb4 17. Rfb1 Nbd5 18. bxa6 Rxa6 19. Bxa6 1-0

[Event "Challenge"]
[Site "http://www.queenalice.com/game.php?id=101622"]
[Date "2006.9.2"]
[Round "-"]
[White "renato"]
[Black "chessmania"]
[Result "1-0"]
[WhiteElo "1712"]
[BlackElo "1324"]

1. e3 e6 2. Qf3 a5 3. Nh3 Nc6 4. Qf4 h6 5. b3 Bc5 6. Bb2 f6 7. Bd3 g5 8. Qe4 e5
9. Qg6+ Kf8 10. Bc4 Qe8 11. Qf5 Nce7 12. Qe4 Qh5 13. Ba3 c6 14. Bxc5 d5 15. Be2
Qxe2+ 16. Kxe2 dxe4 17. Ng1 b6 18. Bxe7+ Nxe7 19. a4 Bg4+ 20. Ke1 Rd8 21. h3 Bh5
22. g4 Bg6 23. Nc3 Nd5 24. Nxd5 Rxd5 25. h4 gxh4 26. Rxh4 Kg7 27. Rd1 Rc5 28.
Rc1 Rd8 29. Ne2 Rcd5 30. d4 exd4 31. Nxd4 Kh7 32. Nxc6 R8d7 33. Nd4 Bf7 34. Nf5
Kg6 35. Rxh6+ Kg5 36. c4 Rd3 37. Kf1 Kxg4 38. Ng3 Kg5 39. Rh8 Rxb3 40. Nxe4+ Kf5
41. Ng3+ 1-0

[Event "Challenge"]
[Site "http://www.queenalice.com/game.php?id=102278"]
[Date "2006.9.4"]
[Round "-"]
[White "chessmania"]
[Black "RIVAS"]
[Result "0-1"]
[WhiteElo "1294"]
[BlackElo "1985"]

1. e3 e5 2. Qf3 Nf6 3. Bc4 d5 4. Bb3 Be7 5. Nh3 O-O 6. Ng5 e4 7. Qg3 Nc6 8. Qh4
h6 9. Nh3 g5 10. Qxh6 Ng4 11. Qh5 Kg7 12. d3 Rh8 0-1

[Event "Let's Play Chess!"]
[Site "http://www.queenalice.com/game.php?id=102957"]
[Date "2006.9.6"]
[Round "-"]
[White "chessmania"]
[Black "mrshogi"]
[Result "0-1"]
[WhiteElo "1453"]
[BlackElo "1945"]

1. e4 e6 2. Qf3 d5 3. Nh3 c5 4. Ng5 Qxg5 5. exd5 Qxd5 6. Bb5+ Bd7 7. Qxd5 exd5
8. c4 Bxb5 9. cxb5 Nd7 10. a4 Ngf6 11. h3 Bd6 12. d3 O-O 13. Kd1 Ne5 0-1

[Event "ravague"]
[Site "http://www.queenalice.com/game.php?id=102959"]
[Date "2006.9.6"]
[Round "-"]
[White "marcelosi"]
[Black "chessmania"]
[Result "1-0"]
[WhiteElo "1311"]
[BlackElo "1253"]

1. e4 e5 2. Qh5 Qf6 3. Bc4 g6 4. Qf3 Qxf3 5. Nxf3 Nh6 6. d4 exd4 7. Nxd4 Nc6 8.
Nb5 Bd6 9. Bxh6 a6 10. N5c3 b5 11. Bd5 Rb8 12. O-O Ne7 13. Re1 b4 14. Ne2 Rb5
15. Bc4 Rh5 16. Bg7 Rg8 17. Bf6 Nc6 18. e5 Bxe5 19. Bxe5 Nxe5 20. Ng3 Rg5 21.
Re4 Kf8 22. Nd2 c6 23. f4 1-0